Detalles MARC
| 000 -LEADER |
| fixed length control field |
01620nam a2200277 a 4500 |
| 001 - CONTROL NUMBER |
| control field |
|
| 003 - CONTROL NUMBER IDENTIFIER |
| control field |
OSt |
| 005 - DATE AND TIME OF LATEST TRANSACTION |
| control field |
20211108075103.0 |
| 008 - FIXED-LENGTH DATA ELEMENTS--GENERAL INFORMATION |
| fixed length control field |
081126s1987 dr 001 0 spa d |
| 040 ## - CATALOGING SOURCE |
| Original cataloging agency |
DO-SdBNP |
| Language of cataloging |
spa |
| Transcribing agency |
BPMSU |
| 082 ## - DEWEY DECIMAL CLASSIFICATION NUMBER |
| Classification number |
972.93 |
| Item number |
B742a 1987 |
| Edition number |
22 |
| 100 1# - MAIN ENTRY--PERSONAL NAME |
| Personal name |
Bosch, Juan, |
| Dates associated with a name |
1909-2001 |
| 9 (RLIN) |
1 |
| 245 10 - TITLE STATEMENT |
| Title |
Artículos y conferencias / |
| Statement of responsibility, etc. |
Juan Bosch. |
| 250 ## - EDITION STATEMENT |
| Edition statement |
4a. ed. |
| 260 ## - PUBLICATION, DISTRIBUTION, ETC. (IMPRINT) |
| Place of publication, distribution, etc. |
Santo Domingo : |
| Name of publisher, distributor, etc. |
Alfa & Omega, |
| Date of publication, distribution, etc. |
1987 |
| 300 ## - PHYSICAL DESCRIPTION |
| Extent |
253 p. ; |
| Dimensions |
21 cm. |
| 505 0# - FORMATTED CONTENTS NOTE |
| Title |
Tres conferencias sobre la inflación -- |
| -- |
Datos para la historia del azúcar en la República Dominicana -- |
| -- |
Mon Cáceres, el tiranicida / |
| Miscellaneous information |
De literatura opiniones sobre dos novelas de Gabriel García Márquez y una de Miguel Otero Silva -- |
| Title |
Cien años de soledad -- |
| -- |
Cartas al autor de "la increíble y triste historia de la Cándida Erendira y su abuela desalmada" -- |
| -- |
Palabras en torno a casas muertas -- |
| -- |
García Godoy y su obra / |
| Miscellaneous information |
Artículos políticos -- |
| Title |
Las panteras negras: un caso de sociología política -- |
| -- |
El PRD y la lucha de clases / |
| Miscellaneous information |
Polémica y aclaración -- |
| Title |
Prólogo indispensable a una breve historia de la oligarquía -- |
| -- |
Una aclaración necesaria / |
| 590 ## - LOCAL NOTE (RLIN) |
| Local note |
Inventariado, 2021/VM |
| 600 14 - SUBJECT ADDED ENTRY--PERSONAL NAME |
| Personal name |
Cáceres, Ramón, |
| Dates associated with a name |
1866-1911 |
| 650 #4 - SUBJECT ADDED ENTRY--TOPICAL TERM |
| Topical term or geographic name as entry element |
Inflación |
| Form subdivision |
Ensayos, conferencias, etc. |
| 650 #4 - SUBJECT ADDED ENTRY--TOPICAL TERM |
| Topical term or geographic name as entry element |
Industria azucarera |
| Geographic subdivision |
República Dominicana |
| General subdivision |
Historia |
| Form subdivision |
Ensayos, conferencias, etc. |
| 650 #4 - SUBJECT ADDED ENTRY--TOPICAL TERM |
| Topical term or geographic name as entry element |
Literatura latinoamericana |
| Chronological subdivision |
Siglo XX |
| Form subdivision |
Ensayos, conferencias, etc. |
| 651 #4 - SUBJECT ADDED ENTRY--GEOGRAPHIC NAME |
| Geographic name |
República Dominicana |
| General subdivision |
Política y gobierno |
| Geographic subdivision |
1961- |
| Form subdivision |
Ensayos, conferencias, etc. |
| 910 ## - USER-OPTION DATA (OCLC) |
| User-option data |
VMateo V. |
| 942 ## - ADDED ENTRY ELEMENTS (KOHA) |
| Source of classification or shelving scheme |
Dewey Decimal Classification |
| Koha item type |
Libros |